| 000 | 01286cam a2200409 i 4500 | ||
|---|---|---|---|
| 999 |
_c200446185 _d64397 |
||
| 001 | 200446185 | ||
| 003 | TR-AnTOB | ||
| 005 | 20220606095911.0 | ||
| 007 | ta | ||
| 008 | 710318s1983 fr a b i000 0 fre d | ||
| 020 | _a2249274134 (pbk.) | ||
| 020 | _a9782249274138 (pbk.) | ||
| 035 | _a(OCoLC)ocm14087544 | ||
| 035 | _a(OCoLC)14087544 | ||
| 035 | _a(PU)5910901-penndb-Voyager | ||
| 035 | _a(TR-AnTOB)200446185 | ||
| 040 |
_aSMI _beng _erda _cSMI _dOCLCQ _dTR-AnTOB |
||
| 041 | 0 | _afre | |
| 050 | 4 |
_aNK1087.6.T8 _bM38 1983 |
|
| 090 |
_aNK1087.6.T8 _bM38 1983 |
||
| 100 | 1 |
_aMasmoudi, Mohamed _eauthor _9135004 |
|
| 245 | 1 | 0 |
_aTunisie / _cMohamed Masmoudi. |
| 246 | 3 | _aArtisanat créateur en Tunisie | |
| 264 | 1 |
_aParis, France : _bAgence de coopération culturelle et technique, _cc1983. |
|
| 300 |
_a96 pages : _billustrations (some color) ; _c27 cm |
||
| 336 |
_atext _btxt _2rdacontent |
||
| 337 |
_aunmediated _bn _2rdamedia |
||
| 338 |
_avolume _bnc _2rdacarrier |
||
| 490 | 0 |
_aL'Artisanat créateur, _x0150-7524 |
|
| 500 | _aCover title: L'Artisanat créateur en Tunisie. | ||
| 504 | _aBIB | ||
| 650 | 0 |
_aDecorative arts _zTunisia _9135005 |
|
| 650 | 0 |
_aHandicraft _zTunisia _9135006 |
|
| 942 |
_2lcc _cBK |
||